000 00387nam a2200133 a 4500
005 20140414132100.0
008 100702s19uu xx 00 eng d
050 _aTR 581
_bL784 2004
245 _aYoung scientist :
_bliving things.
260 _aMalaysia :
_bLittle Sun Sdn. Bhd.
440 _aKindergarten series
650 _aScience-
_xliving things-
_xactivity book.
999 _c114443
_d114443